The reflective school counselor's guide to practitioner research : skills and strategies for succesful inquiry (Record no. 8465)
[ view plain ]
| 000 -LEADER | |
|---|---|
| fixed length control field | 00796nam a22002057a 4500 |
| 003 - CONTROL NUMBER IDENTIFIER | |
| control field | OSt |
| 005 - DATE AND TIME OF LATEST TRANSACTION | |
| control field | 20260220055857.0 |
| 008 - FIXED-LENGTH DATA ELEMENTS--GENERAL INFORMATION | |
| fixed length control field | 260220b |||||||| |||| 00| 0 eng d |
| 020 ## - INTERNATIONAL STANDARD BOOK NUMBER | |
| International Standard Book Number | 9781412951098 |
| 040 ## - CATALOGING SOURCE | |
| Original cataloging agency | DWCL-Main Lib |
| Transcribing agency | OC |
| 082 ## - DEWEY DECIMAL CLASSIFICATION NUMBER | |
| Classification number | Prof. 371.4 B873 2008 |
| 100 ## - MAIN ENTRY--PERSONAL NAME | |
| Personal name | Brooks-Mcnamara, Vicki |
| 245 ## - TITLE STATEMENT | |
| Title | The reflective school counselor's guide to practitioner research : skills and strategies for succesful inquiry |
| 260 ## - PUBLICATION, DISTRIBUTION, ETC. | |
| Place of publication, distribution, etc. | California : |
| Name of publisher, distributor, etc. | Corwin Press, |
| Date of publication, distribution, etc. | c2008 |
| 300 ## - PHYSICAL DESCRIPTION | |
| Extent | xiv, 112 pages : |
| Other physical details | illustrations ; |
| Dimensions | 26 cm. |
| 504 ## - BIBLIOGRAPHY, ETC. NOTE | |
| Bibliography, etc. note | 1. Includes bibliographical references and index. |
| 650 ## - SUBJECT ADDED ENTRY--TOPICAL TERM | |
| Topical term or geographic name entry element | Educational counseling - United States - Handbooks, manuals, etc. |
| 650 ## - SUBJECT ADDED ENTRY--TOPICAL TERM | |
| Topical term or geographic name entry element | Students counselors - United States - Handbooks, manuals, etc. |
| 942 ## - ADDED ENTRY ELEMENTS (KOHA) | |
| Source of classification or shelving scheme | Dewey Decimal Classification |
| Koha item type | Professional Collections |
| Call number suffix | prof. |
| Suppress in OPAC | No |
| 952 ## - LOCATION AND ITEM INFORMATION (KOHA) | |
| -- | |
| Withdrawn status | Lost status | Source of classification or shelving scheme | Damaged status | Not for loan | Home library | Current library | Shelving location | Date acquired | Source of acquisition | Total Checkouts | Full call number | Barcode | Date last seen | Copy number | Price effective from | Koha item type | Uniform Resource Identifier |
|---|---|---|---|---|---|---|---|---|---|---|---|---|---|---|---|---|---|
| Dewey Decimal Classification | Junior High School Library | Junior High School Library | Professional | 07/01/2010 | Library fund | Prof. 371.4 B873 2008 | JHS - 15650 | 02/20/2026 | c1 | 02/20/2026 | PROF. |